|
|
|
|
| LEADER |
00000nab a2200000ua 4500 |
| 001 |
vtls010742363 |
| 003 |
SK-MaSNL |
| 005 |
20260304200407.0 |
| 008 |
250718s1958 xo |||||||||||||||||slo| |
| 035 |
|
|
|a (urnnbn)urn:nbn:sk:snk:ar-a000b3
|
| 035 |
|
|
|a (uuid)5d5c1b02-74bc-4011-9976-354e4d523518
|
| 035 |
|
|
|a urn:nbn:sk:snk-ab4yit
|
| 040 |
|
|
|a SNKBUCL
|b slo
|c SNKBUCL
|e AACR2
|
| 041 |
0 |
|
|a slo
|
| 044 |
|
|
|a xo
|c SK
|
| 100 |
1 |
|
|a Farský, Štefan
|4 aut
|9 7296
|
| 245 |
1 |
0 |
|a Pripomienky chovateľom priadky morušovej
|c Štefan Farský
|
| 773 |
0 |
|
|t Včelár : odborný časopis Povereníctva poľnohospodárstva a lesného hospodárstva a Ústredia včelárskych združení na Slovensku
|g Roč. 32, č. 4 (1958), s. 63
|
| 850 |
|
|
|a Slovenská národná knižnica
|
| 852 |
|
|
|a Slovenská národná knižnica
|
| 954 |
|
|
|a odborná, vedecká literatúra pôvodná (slovenská)
|2 lita
|
| 958 |
|
|
|a article3
|
| 958 |
|
|
|a OND
|
| 958 |
|
|
|a EUIPO
|
| 999 |
|
|
|c 3087939
|d 3089869
|